| 000 | 00566nam a2200193 a 4500 | ||
|---|---|---|---|
| 005 | 20140317105500.0 | ||
| 008 | 140317b2005 ck ||||| |||| 00| 0 spa d | ||
| 041 | _aspa | ||
| 044 | _ack | ||
| 090 |
_aLB _b04230 |
||
| 100 |
_aValencia Martínez, Camilo Andrés _922186 |
||
| 245 | _aGuía de campo mariposas diurnas de la zona central cafetera colombiana | ||
| 260 |
_aCaldas _bFNC _bCENICAFE _c2005 |
||
| 300 | _a244 p. | ||
| 700 |
_aGil Palacio, Sulma Nancy _922187 |
||
| 700 |
_aConstantino Ch., Luis Miguel _922188 |
||
| 942 |
_cImpreso _2z |
||
| 945 | _d2005-0728 | ||
| 999 |
_c4739 _d4739 |
||